Top 10 most important and famous people from Nebraska - Statistics

General Stats
  • This quiz has been taken 48 times
  • The average score is 5 of 10
Answer Stats
Hint Answer % Correct
President from 1974 to 1977 Gerald Ford
100%
Actor famous for his roles in The Godfather and Last Tango in Paris, two times winner of Academy Award Marlon Brando
86%
Muslim minister and human rights activist who was a prominent figure during the civil rights movement Malcolm X
68%
Dancer and actor, considered the best dancer in the history of cinema Fred Astaire
64%
Business magnate, investor and philanthropist. He is currently the chairman and CEO of Berkshire Hathaway Warren Buffett
64%
Actress famous for her roles in Million Dollar Baby and Boys Don't Cry, two times winner of Academy Award Hilary Swank
41%
Actor famous for his roles in Once Upon a Time in the West and On Golden Pond, two times winner of Academy Award Henry Fonda
32%
Boxer who held multiple world championships in three weight classes, including the WBO welterweight title since 2018 Terence Crawford
27%
Actor famous for his roles in Duck, You Sucker! and The Magnificent Seven James Coburn
5%
Actor famous for his roles in The Misfits and A Place in the Sun Montgomery Clift
5%
No matching quizzes found
Score Distribution
Percent of People with Each Score
Percentile by Number Answered
Your Score History
You have not taken this quiz